|
|
|
|
| LEADER |
00969nam a2200217 a 4500 |
| 001 |
GR-MES423 |
| 008 |
991111s xxk 000 b eng d |
| 020 |
|
|
|a 019434133X
|
| 040 |
|
|
|a GrPaTEI
|b gre
|c GR-PaULI
|
| 245 |
0 |
0 |
|a Techniques and principles in language teaching.
|
| 260 |
|
|
|a Oxford :
|b Oxford University Press,
|c c1986
|
| 300 |
|
|
|a xv, 142σελ. :
|b εικ.
|
| 490 |
0 |
|
|a Teaching techniques in english as a second language / Russell N. Campbell and William Rutherford
|
| 500 |
|
|
|a Περιλαμβάνει βιβλιογραφικές αναφορές
|
| 650 |
|
0 |
|a AΓΓΛΙΚΑ-ΤΕΧΝΙΚΕΣ ΜΑΘΗΣΗΣ
|
| 700 |
1 |
|
|a Larsen-Freeman, Diane
|
| 710 |
0 |
|
|a Oxford University Press
|
| 942 |
|
|
|2 ddc
|
| 952 |
|
|
|0 0
|1 0
|2 ddc
|4 0
|6 428_000000000000000_LAR
|7 0
|9 263655
|a MSLG
|b MSLG
|c BSC
|d 2021-01-17
|e 24
|f 0
|g 0.00
|l 0
|o 428 LAR
|p 2420000003428
|r 2021-01-17 00:00:00
|t 1
|w 2021-01-17
|y BK15
|x 19991111 0 1
|x GrPaTEI
|
| 971 |
|
|
|a .b25714648
|b 15-04-20
|c 13-09-16
|
| 999 |
|
|
|c 151798
|d 151798
|